Oláh Ágnes
Elmentve itt :
| Dokumentumtípus: | Cikk |
|---|---|
| Megjelent: |
1941-02-02
|
| Sorozat: | Délmagyarország
17 No. 27 |
| Kulcsszavak: | Oláh Ágnes, Gyászjelentés |
| Online Access: | http://dmarchiv.bibl.u-szeged.hu/41327 |
| LEADER | 00397nab a2200145 i 4500 | ||
|---|---|---|---|
| 001 | delm41327 | ||
| 005 | 20180927130017.0 | ||
| 008 | 180927s1941 hu o 0|| hun d | ||
| 040 | |a SZTE Délmagyarország Archívum |b hun | ||
| 041 | |a hun | ||
| 245 | 0 | 0 | |a Oláh Ágnes |h [elektronikus dokumentum] |
| 260 | |c 1941-02-02 | ||
| 300 | |a 10 | ||
| 490 | 0 | |a Délmagyarország |v 17 No. 27 | |
| 695 | |a Oláh Ágnes, Gyászjelentés | ||